Sword quest / (Record no. 9358)

MARC details
000 -LEADER
fixed length control field 01000nam a22002897a 4500
001 - CONTROL NUMBER
control field 9358
003 - CONTROL NUMBER IDENTIFIER
control field FISKH
005 - DATE AND TIME OF LATEST TRANSACTION
control field 20251211164300.0
008 - FIXED-LENGTH DATA ELEMENTS--GENERAL INFORMATION
fixed length control field 251211b cb ||||| |||| 00| 0 eng d
020 ## - INTERNATIONAL STANDARD BOOK NUMBER
International Standard Book Number 9780061243356
040 ## - CATALOGING SOURCE
Original cataloging agency FISKH
Language of cataloging eng
Transcribing agency FISKH
Modifying agency FISKH
050 ## - LIBRARY OF CONGRESS CALL NUMBER
Classification number PZ7.F19876 S
082 ## - DEWEY DECIMAL CLASSIFICATION NUMBER
Classification number 813.6
100 ## - MAIN ENTRY--PERSONAL NAME
Personal name Fan, Nancy Yi
Relator term Author
245 ## - TITLE STATEMENT
Title Sword quest /
Statement of responsibility, etc. Nancy Yi Fan ; Illustrations by Jo-Anne Rioux
260 ## - PUBLICATION, DISTRIBUTION, ETC.
Place of publication, distribution, etc. New York :
Name of publisher, distributor, etc. HarperCollins Children's Books ,
Date of publication, distribution, etc. 2008
300 ## - PHYSICAL DESCRIPTION
Extent 272 pages :
Other physical details illustrations ;
Dimensions 22 cm
490 ## - SERIES STATEMENT
Series statement Swordbird :
Volume/sequential designation Prequel
505 ## - FORMATTED CONTENTS NOTE
Formatted contents note R<br/>
520 ## - SUMMARY, ETC.
Summary, etc. Wind-voice, a dove, seeks a sword made magical by the Great Spirit himself in order to save the world of birds from destroying themselves at war, but first he must confront an evil rival, archaeopteryx Maldeor.
521 8# - TARGET AUDIENCE NOTE
Target audience note 740<br/>
Source Lexile<br/>
521 8# - TARGET AUDIENCE NOTE
Target audience note R<br/>
Source Raz-Plus<br/>
650 ## - SUBJECT ADDED ENTRY--TOPICAL TERM
Topical term or geographic name entry element Fiction
Form subdivision Fantasy
700 ## - ADDED ENTRY--PERSONAL NAME
Personal name Rioux, Jo-Anne
Relator term Illustrator
942 ## - ADDED ENTRY ELEMENTS (KOHA)
Source of classification or shelving scheme Dewey Decimal Classification
Koha item type Books
Suppress in OPAC No
Holdings
Withdrawn status Lost status Source of classification or shelving scheme Damaged status Not for loan Collection Home library Current library Shelving location Date acquired Total Checkouts Full call number Barcode Date last seen Copy number Price effective from Koha item type
    Dewey Decimal Classification     Juvenile Fiction Footprints International School Library Network Toul Tom Poung Campus Footprints International School Library Network Toul Tom Poung Campus TTP Primary Orange Bookshelves 12/11/2025   FAN 813.6 PZ7.F19876 S FIS03027 12/11/2025 1 12/11/2025 Books